000
00201 a2200097 4500
001
8138
100
_a
Dixon, C A
245
_a
Communist Guerilla Warfare
260
_a
_b
Allen
_c
090
_c
6538
_d
6538
942
_a
NUST-CAE
_c
M
_c
33087
999
_c
243211
_d
243211